Biblical Figure by Biography Title Quiz Stats

 Plays Quiz Updated Jul 15, 2018

Challenge
Share
Tweet
Embed
Score 0/15 Timer 05:00
31 Plays Today
% Correct
David
92.4%
Judas
91.7%
Noah
91.7%
Mary
91.2%
Adam and Eve
90.1%
Jesus
89.7%
Joseph
86.5%
Jezebel
83.3%
% Correct
Mary Magdalene
82.6%
Peter
79.6%
Moses
78.3%
Paul
77.3%
John the Baptist
76.2%
Abraham
69.3%
King Solomon
52.6%

You're not logged in!

Compare scores with friends on all Sporcle quizzes.
Join for Free
OR
Log In

You Might Also Like...

Show Comments

Extras

Top Quizzes Today


Score Distribution

Your Account Isn't Verified!

In order to create a playlist on Sporcle, you need to verify the email address you used during registration. Go to your Sporcle Settings to finish the process.

Report this User

Report this user for behavior that violates our Community Guidelines.

Details: